[Event "3rd XtraCon EMT"]
[Site "Borup DEN"]
[Date "2008.09.06"]
[Round "2"]
[White "Pedersen,HaD"]
[Black "Haznedaroglu,K"]
[Result "0-1"]
[WhiteElo "2213"]
[BlackElo "2444"]

1.c4 e5 2.g3 Nc6 3.Bg2 g6 4.Nc3 Bg7 5.e4 Nge7 6.Nge2 d6 7.d3 O-O 8.O-O Be6
9.Nd5 Qd7 10.Be3 f5 11.Qd2 Rf7 12.Rae1 a6 13.b3 Raf8 14.f3 Kh8 15.Kh1 Ng8
16.exf5 Bxf5 17.d4 Nge7 18.dxe5 Nxe5 19.f4 Nd3 20.Rd1 Nc5 21.Nec3 Nc6 22.b4 Ne6
23.Ne2 Re8 24.b5 axb5 25.cxb5 Ncd8 26.Nd4 Nxd4 27.Bxd4 Qxb5 28.Bxg7+ Rxg7
29.Qc3 Qc5 30.Qf6 Ne6 31.Rc1 Qa5 32.Rfe1 Rf8 33.Qc3 Qxc3 34.Rxc3 Nc5 35.Ne7 Be4
36.Nd5 Bxd5 37.Bxd5 Rd7 38.Rce3 c6 39.Bf3 d5 40.Bg4 Rdd8 41.Re7 Ne4 42.Kg2 Ra8
43.Bf3 Rxa2+ 44.Kh3 Nf2+ 45.Kh4 Nd3 46.Rh1 Rf2 47.Bg4 Nc5 48.Kg5 Ne4+ 49.Kh6 Nf6
50.h3 Ng8+  0-1

[Event "SuperLiga-ROM"]
[Site "Eforie Nord ROM"]
[Date "2008.09.06"]
[Round "6"]
[White "Sebe Vodislav,F"]
[Black "Ardelean,Ge"]
[Result "0-1"]
[WhiteElo "2325"]
[BlackElo "2498"]

1.c4 e5 2.g3 Nc6 3.Bg2 Bc5 4.Nc3 d6 5.d3 a6 6.Nf3 h6 7.O-O Nf6 8.Nd5 O-O
9.Be3 Bxe3 10.Nxe3 Ng4 11.Nxg4 Bxg4 12.Qd2 a5 13.Ne1 Qd7 14.Nc2 Rae8 15.Rfe1 b6
16.Ne3 Bh5 17.Nd5 Nd4 18.Qd1 f5 19.Bf3 Nxf3+ 20.exf3 e4 21.g4 fxg4 22.Rxe4 gxf3  0-1

[Event "TCh-FIN"]
[Site "Finland FIN"]
[Date "2008.09.07"]
[Round "2"]
[White "Hentunen,A"]
[Black "Niemi,K"]
[Result "0-1"]
[WhiteElo "2322"]
[BlackElo "2312"]

1.c4 e5 2.g3 Nf6 3.Bg2 d5 4.cxd5 Nxd5 5.Nc3 Nb6 6.d3 Be7 7.Nf3 Nc6 8.O-O O-O
9.Ne1 Be6 10.f4 exf4 11.gxf4 Qd7 12.e3 Rad8 13.Qf3 f5 14.Qg3 Rfe8 15.d4 Bc4
16.Rf2 Bf6 17.Nf3 Qe7 18.Bd2 Nb4 19.b3 Ba6 20.Bf1 c5 21.Bxa6 bxa6 22.Ne2 N6d5
23.Ne5 Bh4 24.Qh3 Bxf2+ 25.Kxf2 cxd4 26.Nxd4 Nxf4 27.exf4 Rxd4 28.Be3 Nd3+  0-1

[Event "5th LGA Premium Cup"]
[Site "Nuernberg GER"]
[Date "2008.09.07"]
[Round "6"]
[White "Loew,G"]
[Black "Pribyl,Jo"]
[Result "1-0"]
[WhiteElo "1963"]
[BlackElo "2397"]

1.c4 e5 2.g3 Nc6 3.Bg2 g6 4.Nc3 Bg7 5.e4 d6 6.Nge2 h5 7.h4 Nh6 8.d3 Be6 9.Nd5 O-O
10.O-O Kh7 11.f3 Ne7 12.d4 c6 13.Nxe7 Qxe7 14.d5 cxd5 15.cxd5 Bd7 16.Qb3 b6
17.a4 f5 18.Bg5 Bf6 19.Qe3 Bxg5 20.Qxg5 Rf6 21.a5 Bb5 22.Qe3 Rb8 23.Rfc1 Rf7
24.Ra3 Qd8 25.b4 bxa5 26.bxa5 fxe4 27.Qxe4 Nf5 28.Kh2 Bxe2 29.Qxe2 Rb4 30.Qd2 Rd4
31.Qg5 Qxg5 32.hxg5 Rxd5 33.Ra2 Rd3 34.Rc8 Nd4 35.Rb2 Ne6 36.f4 exf4 37.gxf4 Kg7
38.Rbb8 Nf8 39.a6 Rd4 40.Rb7 d5 41.Rcc7 Rxf4 42.Bxd5 Rxc7 43.Rxc7+ Kh8 44.Rxa7 Ra4
45.Ra8 Kg7 46.a7 Ra5 47.Bc4 Ra4 48.Bb3 Ra3 49.Kg2 h4 50.Bd5 Rg3+ 51.Kh2 Ra3
52.Rxf8 Rxa7 53.Rf6 Ra5 54.Rd6 Kf8 55.Kh3 Ke7 56.Re6+ Kd7 57.Kxh4 Rxd5 58.Rxg6 Ke7
59.Rf6 Rd8 60.Kh5 Rh8+ 61.Kg6 Rg8+ 62.Kh6 Rh8+ 63.Kg7 Rh2 64.g6 Rg2 65.Rf1 Ke6
66.Kh7 Rh2+ 67.Kg8 Rh4 68.g7 Ke7 69.Re1+ Kd7 70.Re2 Kd8 71.Re5 Kd7  1-0

[Event "5th LGA Premium Cup"]
[Site "Nuernberg GER"]
[Date "2008.09.07"]
[Round "6"]
[White "Baeuml,U"]
[Black "Ortpaul,M"]
[Result "1-0"]
[WhiteElo "2121"]
[BlackElo "2006"]

1.c4 e5 2.g3 Nc6 3.Bg2 f5 4.Nc3 Nf6 5.d3 Bb4 6.Bd2 O-O 7.Nf3 d6 8.O-O Bxc3
9.Bxc3 Qe8 10.b4 Qh5 11.b5 Ne7 12.c5 f4 13.cxd6 cxd6 14.Qb3+ Kh8 15.Qa3 fxg3
16.Qxd6 e4 17.dxe4 gxf2+ 18.Rxf2 Ng6 19.Ne5 Bh3 20.Nxg6+ Qxg6 21.e5 Rfd8
22.Qb4 Nd5 23.Qd4 Rac8 24.Rd1 Qg5 25.Bd2 Ne3 26.Bxe3 Rxd4 27.Bxd4 h6 28.e3 Qg4
29.Rdf1 Bxg2 30.Rxg2 Qe4 31.e6 Rc7 32.Bxa7 Qxe6 33.Bd4 Qd5 34.b6 Rd7 35.Rc1 Qf3
36.Rg6 Qe2 37.Rc7 Qb5 38.Rxd7 Qxd7 39.Rxg7 Qa4 40.Rxb7+ Kg8 41.Rg7+ Kf8 42.b7 Qd1+
43.Kf2 Qd2+ 44.Kg3 Qe1+ 45.Kf3 Qh1+ 46.Rg2 Qd1+ 47.Kg3 Qb1 48.Rb2 Qg6+ 49.Kf3 Qh5+
50.Ke4 Qg6+ 51.Kd5 Qf5+ 52.Kc4 Qe6+ 53.Kb4 Qe8 54.Ka5 Qd8+ 55.Ka6 Qd6+ 56.Ka7 Qa3+
57.Kb8 Qa5 58.Rb6 Qh5 59.Rf6+ Ke7 60.Ra6 Kd7 61.Ka7  1-0

[Event "5th LGA Premium Cup"]
[Site "Nuernberg GER"]
[Date "2008.09.07"]
[Round "7"]
[White "Loew,G"]
[Black "Mainka,R"]
[Result "0-1"]
[WhiteElo "1963"]
[BlackElo "2480"]

1.c4 e5 2.g3 Nf6 3.Bg2 d5 4.cxd5 Nxd5 5.Nf3 Nc6 6.O-O Nb6 7.d3 Be7 8.a3 O-O
9.Nbd2 Be6 10.b4 f6 11.Bb2 a6 12.Qc2 Qd7 13.Rfd1 Rad8 14.Rac1 Qe8 15.e3 Qh5
16.d4 Bg4 17.h3 Bxh3 18.Bxh3 Qxh3 19.dxe5 fxe5 20.Nxe5 Nxe5 21.Bxe5 c6 22.Nc4 Nd7
23.Bb2 Bf6 24.Bxf6 Rxf6 25.Nb6 Rh6 26.Qe4 Rf8  0-1

[Event "DMP Ekstraliga"]
[Site "Karpacz POL"]
[Date "2008.09.08"]
[Round "3"]
[White "Heberla,B"]
[Black "Warakomska,A"]
[Result "1-0"]
[WhiteElo "2510"]
[BlackElo "2211"]

1.c4 e5 2.g3 Nf6 3.Bg2 Nc6 4.Nf3 Bc5 5.O-O O-O 6.Nxe5 Nxe5 7.d4 Bxd4 8.Qxd4 Nc6
9.Qd2 Qe7 10.Nc3 d6 11.b3 a5 12.Bb2 Ne5 13.f4 Ned7 14.e4 Rd8 15.Rad1 Re8
16.Rfe1 Nb6 17.e5 dxe5 18.Rxe5 Qf8 19.Nb5 Rxe5 20.fxe5 Nfd7 21.Nxc7 Qc5+
22.Qd4 Qxc7 23.e6 f6 24.exd7 Qxd7 25.c5 Qxd4+ 26.Rxd4 Nd7 27.Bh3  1-0

[Event "3rd PGMA Cup"]
[Site "Manila PHI"]
[Date "2008.09.08"]
[Round "3"]
[White "Dableo,R"]
[Black "Mchedlishvili,M"]
[Result "0-1"]
[WhiteElo "2444"]
[BlackElo "2604"]

1.c4 e5 2.g3 Nc6 3.Bg2 Bc5 4.e3 d6 5.Ne2 a6 6.Nbc3 Ba7 7.d4 Nge7 8.b3 exd4
9.Nxd4 Nxd4 10.exd4 Nf5 11.Be3 O-O 12.O-O Nxe3 13.fxe3 c6 14.Qf3 Bd7 15.Rf2 Qe7
16.Rd1 Rae8 17.e4 b5 18.Qd3 Qg5 19.Rdf1 c5 20.d5 Bb6 21.h4 Qe5 22.Ne2 Ba5
23.Kh2 g6 24.Nf4 Bc3 25.Bh3 bxc4 26.bxc4 Ba4 27.Qf3 Bd4 28.Re2 Rb8 29.Qa3 Rb4
30.Nd3 Qh5 31.Nf4 Qh6 32.Qf3 Rxc4 33.e5 Rc3 34.e6 Rxf3 35.exf7+ Rxf7 36.Rxf3 Qf8
37.Re1 Bd7 38.Be6 Bxe6 39.dxe6 Rb7  0-1

[Event "7th Georgiev - Kesarovski Mem"]
[Site "Sunny Beach BUL"]
[Date "2008.09.09"]
[Round "2"]
[White "Kozhuharov,S"]
[Black "Bozov,A"]
[Result "1-0"]
[WhiteElo "2412"]
[BlackElo "2140"]

1.c4 e5 2.g3 Nf6 3.Bg2 Nc6 4.Nf3 Bc5 5.O-O O-O 6.Nxe5 Nxe5 7.d4 Bd6 8.c5 Bxc5
9.dxc5 Re8 10.Nc3 Qe7 11.Bg5 Qxc5 12.Bxf6 gxf6 13.Rc1 Nc6 14.Nd5 Qd6 15.e3 Rb8
16.Qg4+ Kh8 17.Qh4 Kg7 18.Rfd1 f5 19.Qg5+ Qg6 20.Qf4 d6 21.Nxc7 Re5 22.Rxd6 f6
23.Bxc6 bxc6 24.Qxe5 fxe5 25.Rxg6+ hxg6 26.Rxc6 Bb7 27.Rd6 Bf3 28.b3 Rc8
29.Rd7+ Kf6 30.Kf1 g5 31.Ke1 g4 32.Kd2 Kg6 33.Rd6+  1-0

[Event "Autumn-1"]
[Site "Alushta UKR"]
[Date "2008.09.11"]
[Round "10"]
[White "Obukhov,A"]
[Black "Belikov,V"]
[Result "1/2-1/2"]
[WhiteElo "2438"]
[BlackElo "2536"]

1.c4 e5 2.g3 Nc6 3.Bg2 g6 4.Nc3 Bg7 5.d3 d6 6.Rb1 f5 7.e3 Nf6 8.Nge2 O-O
9.b4 Ne7 10.f4 c6 11.O-O Be6 12.b5 Qd7 13.bxc6 bxc6 14.Qa4 Qc7 15.Qa6 Bc8
16.Qa3 Be6 17.Bd2 Nd7 18.Rfc1 Bf7 19.Na4 Rab8 20.Rb3 Bf6  1/2-1/2

[Event "Open"]
[Site "Herzliya ISR"]
[Date "2008.09.11"]
[Round "8"]
[White "Zifroni,D"]
[Black "Porat,I"]
[Result "1/2-1/2"]
[WhiteElo "2489"]
[BlackElo "2379"]

1.c4 e5 2.g3 Nf6 3.Bg2 d5 4.cxd5 Nxd5 5.Nc3 Nb6 6.Nf3 Nc6 7.a3 Be7 8.b4 Be6
9.O-O O-O 10.Rb1 f6 11.d3 a5 12.b5 Nd4 13.Nxd4 exd4 14.Na4 Bd5 15.Nxb6 cxb6
16.Bxd5+ Qxd5 17.a4 Bc5 18.Qb3 Qxb3 19.Rxb3 Rfe8 20.Rb2 Rad8 21.Rc2 Rd5 22.Bb2 Kf7
23.Rfc1 h5 24.Kf1 g5 25.h3 f5 26.Rc4 Kg6 27.R1c2 Rd7 28.Bc1 Rde7 29.h4 g4
30.Bf4 Re6 31.Ke1 R8e7 32.Kd1 Re8 33.Ra2 Kf7 34.Bc1 Rd8 35.Bd2 Ra8 36.Rac2 Rd6
37.Rc1 Kg6 38.R1c2 Kf7 39.Bf4 Re6 40.Bd2 Rd8  1/2-1/2

[Event "3rd PGMA Cup"]
[Site "Manila PHI"]
[Date "2008.09.11"]
[Round "8"]
[White "Garcia,Jan"]
[Black "Olay,E"]
[Result "1/2-1/2"]
[WhiteElo "2232"]
[BlackElo "2398"]

1.c4 e5 2.g3 Na6 3.Bg2 Nf6 4.d3 Be7 5.Nc3 O-O 6.e4 d6 7.Nge2 c6 8.O-O Nc7
9.f4 b5 10.cxb5 cxb5 11.a3 a5 12.Be3 b4 13.axb4 axb4 14.Rxa8 Nxa8 15.Nd5 Nxd5
16.exd5 exf4 17.Nxf4 Bf5 18.Qb3 Qa5 19.Bd4 Bd8 20.Kh1 Bb6 21.Bxb6 Nxb6 22.Be4 Bg6
23.Qc2 Rc8 24.Qf2 Qc5 25.Qf3 Qc7 26.Bxg6 hxg6 27.Qe4 b3 28.Nxg6  1/2-1/2

[Event "II ROMGAZ Open"]
[Site "Bucharest ROU"]
[Date "2008.09.12"]
[Round "2"]
[White "Marin,Ir"]
[Black "Szabo,G ROM"]
[Result "0-1"]
[WhiteElo "2179"]
[BlackElo "2514"]

1.c4 e5 2.g3 Nf6 3.Bg2 c6 4.d4 exd4 5.Qxd4 d5 6.Nf3 Qb6 7.cxd5 Bc5 8.Qe5+ Kf8
9.d6 Bxf2+ 10.Kf1 h6 11.Qe7+ Kg8 12.Ne5 Be6 13.Nc3 Bd4 14.Bf4 Qxb2 15.Rb1 Qxc3
16.Qxb7 Bxe5 17.Qxa8 Kh7 18.Rxb8 Qa1+ 19.Kf2 Bd4+ 20.Be3 Bxe3+ 21.Kxe3 Qc3+  0-1

[Event "I Liga Seniorow"]
[Site "Ustron POL"]
[Date "2008.09.12"]
[Round "7"]
[White "Rutkowski,M"]
[Black "Orzechowski,J"]
[Result "1/2-1/2"]
[WhiteElo "2380"]
[BlackElo "2227"]

1.c4 e5 2.g3 d6 3.Bg2 g6 4.Nc3 Bg7 5.e3 Nc6 6.Nge2 h5 7.d4 h4 8.d5 Nb8 9.e4 h3
10.Bf1 f5 11.Ng1 f4 12.gxf4 exf4 13.Bxf4 Qe7 14.Bd3 Nd7 15.Qe2 Ne5 16.Bg3 g5
17.Qe3 Nh6 18.Be2 Nhg4 19.Qd2 Bd7 20.Nf3 Nxf3+ 21.Bxf3 Rf8 22.Be2 Bxc3 23.Qxc3 O-O-O
24.f3 Nf6 25.c5 Nxe4 26.Qe3 Qf6 27.fxe4 Qxb2 28.Rc1 Qb4+ 29.Rc3 Rde8 30.e5 Qb1+
31.Rc1 Qb4+ 32.Rc3 Qb1+ 33.Rc1 Qb4+ 34.Rc3  1/2-1/2

[Event "IV Geller Memorial"]
[Site "Odessa UKR"]
[Date "2008.09.13"]
[Round "5"]
[White "Bernadskiy,V"]
[Black "Ostrovskiy,And"]
[Result "0-1"]
[WhiteElo "2214"]
[BlackElo "2445"]

1.c4 e5 2.g3 Nf6 3.Bg2 Nc6 4.Nc3 Bb4 5.Nf3 O-O 6.O-O Bxc3 7.dxc3 d6 8.Qc2 Be6
9.b3 h6 10.e4 Nh7 11.Nh4 Ne7 12.Nf5 Qd7 13.Nxe7+ Qxe7 14.Qe2 Rae8 15.Be3 b6
16.Rae1 Qd7 17.f4 exf4 18.Bxf4 Bh3 19.Qh5 Bxg2 20.Kxg2 Re6 21.Re2 Rfe8 22.Rfe1 Nf8
23.Qf5 R8e7 24.h4 Qe8 25.Kf1 Nd7 26.Qb5 Qc8 27.Qf5 Rf6 28.Qg4 Qa8 29.Kg1 Rfe6
30.Qf5 a5 31.Qd5 Qe8 32.Qb5 Nc5 33.Qxe8+ Rxe8 34.Kg2 Nxe4 35.Kf3 f5 36.g4 fxg4+
37.Kxg4 Kf7 38.Kf3 Nxc3 39.Rxe6 Rxe6 40.Ra1 Ne4 41.a3 g5 42.hxg5 hxg5 43.Be3 Kg6
44.Rh1 Nf6 45.Bc1 g4+ 46.Kg3 Re4 47.Rh6+ Kf5 48.Bb2 Re3+ 49.Kf2 Rf3+ 50.Kg2 Ne4  0-1

[Event "II ROMGAZ Open"]
[Site "Bucharest ROU"]
[Date "2008.09.15"]
[Round "5"]
[White "Suba,M"]
[Black "Irodenka,R"]
[Result "1-0"]
[WhiteElo "2507"]
[BlackElo "2208"]

1.c4 e5 2.g3 Nf6 3.Bg2 d5 4.cxd5 Nxd5 5.Nc3 Be6 6.Nf3 Nc6 7.O-O Nb6 8.d3 Be7
9.Be3 O-O 10.Qc1 f6 11.Rd1 Nd4 12.Bxd4 exd4 13.Ne4 Qd7 14.Nc5 Bxc5 15.Qxc5 Rad8
16.Rdc1 c6 17.a4 Nc8 18.a5 a6 19.Ra4 Ne7 20.Rxd4 Qc7 21.b4 Bd5 22.e4 Bf7
23.Bh3 Ng6 24.Rxd8 Qxd8 25.d4 Re8 26.Nd2 Nf8 27.f3 Be6 28.Bf1 g6 29.Qc3 Re7
30.Bc4 Kg7 31.Nb3 Bxc4 32.Qxc4 Ne6 33.Kg2 Nc7 34.Nc5 Nb5 35.Rd1 Qd6 36.Rd3 f5
37.e5 Qb8 38.Ne6+ Kh8 39.Nf4 Qe8 40.h4 Kg7 41.Qc5 Nc7 42.Qc3 Kg8 43.d5 cxd5
44.Nxd5 Nxd5 45.Rxd5 Kg7 46.e6+ Kh6 47.Qd2+ Kg7 48.Qd4+ Kh6 49.Rd7 Qf8 50.Qd6 Qf6
51.Qxe7  1-0

[Event "EYg14"]
[Site "Herceg Novi MNE"]
[Date "2008.09.15"]
[Round "1"]
[White "Foisor,M"]
[Black "Androni,K"]
[Result "1-0"]
[WhiteElo "2090"]
[BlackElo "1775"]

1.c4 e5 2.g3 Nc6 3.Bg2 f5 4.Nc3 Nf6 5.e3 g6 6.Nge2 Bg7 7.d3 d6 8.O-O O-O
9.f4 Be6 10.Nd5 Bxd5 11.cxd5 Nb4 12.Qb3 Na6 13.Qxb7 Nc5 14.Qb5 e4 15.dxe4 fxe4
16.Nc3 Qe7 17.Qc4 a5 18.b3 Rfb8 19.Ba3 Nd3 20.Rad1 Ng4 21.Qxe4 Qxe4 22.Nxe4 Nxe3
23.Rxd3 Nxf1 24.Kxf1 a4 25.b4 h6 26.Rd2 Kf7 27.Rc2 Ra7 28.Rc4 Rbb7 29.Nd2 Ke7
30.Nf3 Kd7 31.Nd4 Bxd4 32.Rxd4 Ra8 33.Bc1 a3 34.Bd2  1-0

[Event "4th Pichay Cup"]
[Site "Manila PHI"]
[Date "2008.09.15"]
[Round "3"]
[White "Dableo,R"]
[Black "Yap,K"]
[Result "1/2-1/2"]
[WhiteElo "2444"]
[BlackElo "2321"]

1.c4 e5 2.g3 Nf6 3.Bg2 d5 4.cxd5 Nxd5 5.Nc3 Nb6 6.Nf3 Nc6 7.O-O Be7 8.d3 Be6
9.Be3 Nd5 10.Nxd5 Bxd5 11.Qa4 O-O 12.Rfc1 a6 13.Bc5 Re8 14.Rc3 Rc8 15.Rac1 Bxc5
16.Rxc5 Bxf3 17.Bxf3 Nd4 18.Bg4 f5 19.e3 Ne6 20.Bxf5 Nxc5 21.Rxc5 Rb8 22.Qc4+ Kh8
23.Rxc7 Rf8 24.Be4 b5 25.Qc3 Qg5 26.Rc5 Rbe8 27.Kg2 Qh5 28.f3 Qh6 29.Qc1 Qe6
30.a3 Rc8 31.d4 exd4 32.exd4 Rcd8 33.Rc6 Rd6 34.d5 Qe5 35.h4 Kg8 36.Qc2 h6
37.Kh3 Rfd8 38.Rc7 Rf6 39.Rc3 Qd6 40.Kg2 Qe5 41.Qd3 Rfd6 42.Qe3 Kf7 43.Kh3 Kf6
44.Qd2 R8d7 45.Re3 g5 46.Re2 Kg7 47.h5 Re7 48.Bd3 Qf6 49.Rxe7+ Qxe7 50.Qc3+ Kg8
51.Be4 Qe8 52.g4 Qe7 53.Qc8+ Kg7 54.Qf5 Qf6 55.Qh7+ Kf8 56.Qc7 Qe7 57.Qc8+ Qe8
58.Qc3 Qf7 59.Qh8+ Ke7 60.Qe5+ Kd7 61.Qd4 Kc8 62.a4 bxa4 63.Qxa4 Rb6 64.Qd4 Qc7
65.Qh8+ Qd8 66.Qe5 Qd6 67.Qc3+ Kb8 68.Qg7 Rb7 69.Qg6 Rb6 70.Qg7 Qc7 71.Qf8+ Ka7
72.b4 Qd6 73.Qg7+ Ka8 74.Qg6 Ka7 75.Qg7+ Rb7 76.Qg6 Rd7 77.Bf5 Rd8 78.Qg7+ Kb8
79.Be4 Rc8 80.Qg6 Rd8 81.Qg7 Rd7 82.Qd4 Rc7 83.Qb2 Rb7 84.Qh8+ Ka7 85.Qd4+ Ka8
86.Qc5 Rd7 87.Qd4 Kb7 88.Qc5 Rd8 89.Qd4 Rc8 90.Qg7+ Rc7 91.Qg6  1/2-1/2

[Event "II ROMGAZ Open"]
[Site "Bucharest ROU"]
[Date "2008.09.16"]
[Round "6"]
[White "Marin,Ir"]
[Black "Burnoiu,N1"]
[Result "1-0"]
[WhiteElo "2179"]
[BlackElo "2434"]

1.c4 e5 2.g3 Nf6 3.Bg2 d5 4.cxd5 Nxd5 5.Nf3 Nc6 6.O-O Nb6 7.d3 Be7 8.Nbd2 O-O
9.a3 a5 10.b3 Be6 11.Bb2 f6 12.Rc1 Rc8 13.Ne4 Nd7 14.h4 Qe8 15.d4 Rd8 16.Qc2 Qf7
17.Ned2 exd4 18.Nxd4 Nxd4 19.Bxd4 Bxa3 20.Ra1 Bb4 21.Bc3 c6 22.Bxb4 axb4
23.Ra7 Ne5 24.Rb1 Qd7 25.Nc4 Ng4 26.e4 f5 27.Na5 Rb8 28.Rd1 Qc7 29.exf5 Qb6
30.Rxb7 Rxb7 31.Nxb7 Bxf5 32.Qc4+  1-0

[Event "IV Geller Memorial"]
[Site "Odessa UKR"]
[Date "2008.09.17"]
[Round "9"]
[White "Bernadskiy,V"]
[Black "Sodol,G"]
[Result "1-0"]
[WhiteElo "2214"]
[BlackElo "2378"]

1.c4 e5 2.g3 Nf6 3.Bg2 d5 4.cxd5 Nxd5 5.Nc3 Nb6 6.Nf3 Nc6 7.O-O Be7 8.a3 O-O
9.b4 Be6 10.d3 f6 11.Nd2 Qe8 12.Nb3 a5 13.Nc5 Bf7 14.Nb5 Rc8 15.Nxb7 axb4
16.axb4 Nxb4 17.Na7 Ra8 18.Bd2 N6d5 19.Qc1 Qd7 20.Nc5 Qd6 21.Bxb4 Nxb4 22.Bxa8 Rxa8
23.d4 Qb6 24.Qb2 exd4 25.Nc6 Rxa1 26.Nxe7+ Kf8 27.Rxa1 Kxe7  1-0

[Event "9th YM Open"]
[Site "Lausanne SUI"]
[Date "2008.09.22"]
[Round "6"]
[White "Foisor,C"]
[Black "Dgebuadze,A"]
[Result "1/2-1/2"]
[WhiteElo "2344"]
[BlackElo "2562"]

1.c4 e5 2.g3 Nc6 3.Bg2 g6 4.Nc3 Bg7 5.d3 Nge7 6.e3 d6 7.Nge2 h5 8.h4 Bg4
9.Qa4 O-O 10.Rb1 Qd7 11.Nd5 Nc8 12.Nec3 Nb6 13.Qb3 Rae8 14.O-O Qc8 15.Nxb6 axb6
16.Nd5 Ne7  1/2-1/2

[Event "Zvenigorodskaya Open A"]
[Site "Zvenigorod RUS"]
[Date "2008.09.26"]
[Round "3"]
[White "Vasilevich,I"]
[Black "Smirnov,P"]
[Result "0-1"]
[WhiteElo "2354"]
[BlackElo "2592"]

1.c4 e5 2.g3 Nf6 3.Bg2 d5 4.cxd5 Nxd5 5.Nc3 Nb6 6.Nf3 Nc6 7.a3 Be7 8.b4 Be6
9.Rb1 f6 10.O-O O-O 11.d3 Nd4 12.Be3 c6 13.Bxd4 exd4 14.Ne4 Ba2 15.Rb2 Bf7
16.Nc5 Rb8 17.Qc2 Kh8 18.a4 a6 19.Bh3 Qd6 20.Rc1 Rfd8 21.a5 Na8 22.Nd2 Bf8
23.Nc4 Qe7 24.Re1 Nc7 25.e4 Nd5 26.Reb1 Nc3 27.Rf1 g6 28.Nb6 Rd6 29.Nbd7 Rd8
30.Nxf8 Rxf8 31.f4 Rdd8 32.Qg2 Rfe8 33.Bg4 Kg7 34.Rbf2 Bg8 35.h4 f5 36.exf5 Nd5
37.Re2 Ne3 38.Qh3 gxf5 39.Bxf5 Qf8 40.Rfe1 Kh8 41.Be4 Qg7 42.Kh2 Bf7 43.Rxe3 dxe3
44.Qg2 Qc3 45.Rb1 Rd4 46.Qb2 Qxb2+ 47.Rxb2 Bd5 48.Rb1 e2 49.Re1 Rxb4 50.Rxe2 Bxe4
51.dxe4 Rc4 52.Nxb7 Rcxe4 53.Rxe4 Rxe4 54.Nc5 Re2+ 55.Kg1 Ra2 56.Nxa6 Rxa5
57.Nc7 Kg7 58.Kf2 Kf7 59.g4 Ra7  0-1

[Event "17th CRO-chT 1b"]
[Site "Sibenik CRO"]
[Date "2008.09.27"]
[Round "1"]
[White "Medak,B"]
[Black "Loncar,R"]
[Result "1-0"]
[WhiteElo "2364"]
[BlackElo "2446"]

1.c4 e5 2.g3 Nc6 3.Bg2 Bc5 4.Nc3 a6 5.e3 d6 6.Nge2 Nge7 7.d4 Ba7 8.b4 O-O
9.b5 Nb8 10.dxe5 dxe5 11.Ba3 Qe8 12.Nd5 Nxd5 13.Qxd5 axb5 14.Bxf8 Qxf8 15.Qxb5 Bc5
16.O-O c6 17.Qb2 Qe7 18.a4 Bf5 19.Rfd1 Na6 20.Nc3 Bg4 21.Rdb1 Ra7 22.a5 Bf5
23.Rd1 Bg4 24.Re1 Be6 25.Ne4 Bf5 26.Nxc5 Nxc5 27.Red1 h5 28.h3 Ra8 29.Qb4 Re8
30.a6 bxa6 31.Bxc6 Rc8 32.Rxa6 h4 33.g4 Qg5 34.Qxc5 Bxg4 35.hxg4 Qxg4+ 36.Kh2 Qxd1
37.Qxe5 Qf1  1-0

[Event "Zvenigorodskaya Open A"]
[Site "Zvenigorod RUS"]
[Date "2008.09.27"]
[Round "5"]
[White "Vasilevich,I"]
[Black "Demianjuk,A"]
[Result "1-0"]
[WhiteElo "2354"]
[BlackElo "2317"]

1.c4 e5 2.g3 Nf6 3.Bg2 d5 4.cxd5 Nxd5 5.Nc3 Nb6 6.Nf3 Nc6 7.O-O Be7 8.a3 O-O
9.b4 Be6 10.d3 f6 11.Ne4 a5 12.Nc5 Bc8 13.Qb3+ Kh8 14.Be3 Nd5 15.Nxe5 fxe5
16.Bxd5 Nd4 17.Bxd4 exd4 18.Nxb7 Bxb7 19.Bxb7 Ra7 20.Be4 axb4 21.axb4 Rxa1
22.Rxa1 Qd6 23.b5 Qf6 24.Rf1 Qe5 25.Qd5 Qxd5 26.Bxd5 Bc5 27.Kg2 Bb6 28.f4 g6
29.h4 h5 30.Rc1 Kg7 31.Kf3 Rf6 32.Be4 Kh6 33.Ra1 Rf8 34.Rg1 Rf6 35.Bd5 Rf8
36.Rc1 Kg7 37.Bc6 Rf6 38.Ra1 Rf8 39.Ke4 Kf6 40.Kd5 Rd8+ 41.Kc4 Kg7 42.Be4 Kh6
43.Rf1 Kg7 44.Rf3 Rf8 45.Kd5 Rf6 46.Rf1 Kf7 47.f5 gxf5 48.Bxf5 Kg7 49.Ke5 Rf8
50.Rc1 Re8+ 51.Be6 Rf8 52.Bf5 Re8+ 53.Kf4 Rxe2 54.Rc6 Rf2+ 55.Ke4 Re2+ 56.Kf3 Re3+
57.Kf4 Ba5 58.Be4 Kf8 59.Rf6+ Ke7 60.Rh6 Be1 61.Rxh5 Rxg3 62.Ke5 Rh3 63.Rh7+ Kf8
64.h5 Kg8 65.Kxd4 Bf2+ 66.Kd5 Bb6 67.Bg6 Rh4 68.Kc6 Rd4 69.Rxc7  1-0

[Event "1st WMSG Blitz Ind"]
[Site "Beijing CHN"]
[Date "2008.10.04"]
[Round "1"]
[White "Ghaem Maghami,E"]
[Black "Friedel,J"]
[Result "1-0"]
[WhiteElo "2599"]
[BlackElo "2498"]

1.c4 e5 2.g3 Nf6 3.Bg2 c6 4.d4 exd4 5.Qxd4 d5 6.Nf3 Be6 7.cxd5 cxd5 8.O-O Nc6
9.Qa4 Bc5 10.Bg5 O-O 11.Nc3 h6 12.Bf4 a6 13.Rad1 Qe7 14.Ne5 Rfc8 15.Nxc6 bxc6
16.Qc2 Ba7 17.b3 Rd8 18.e4 Rac8 19.exd5 cxd5 20.Qd3 d4 21.Na4 Bd7 22.Qxa6 Bg4
23.Rfe1 Qd7 24.Rd2 Nd5 25.Be5 Nb4 26.Qa5 Nc6 27.Bxc6 Rxc6 28.Nb2 Bf3 29.Nd3 Qh3
30.Nf4 Qf5 31.Qxd8+ Kh7 32.h3 Rg6 33.Nxg6 fxg6 34.Qh4  1-0

[Event "1st WMSG Blitz Ind"]
[Site "Beijing CHN"]
[Date "2008.10.04"]
[Round "7"]
[White "Ghaem Maghami,E"]
[Black "Zhang Zhong"]
[Result "1/2-1/2"]
[WhiteElo "2599"]
[BlackElo "2649"]

1.c4 e5 2.g3 Nc6 3.Bg2 Nf6 4.Nc3 Bb4 5.d3 O-O 6.e4 d6 7.Ne2 Nd4 8.O-O Bg4
9.f3 Nxe2+ 10.Nxe2 Be6 11.b3 a5 12.d4 exd4 13.Nxd4 a4 14.Be3 Bc5 15.Qd2 axb3
16.axb3 Rxa1 17.Rxa1 Bb6 18.Nb5 Bxe3+ 19.Qxe3 Bd7 20.Nc3 Bc6 21.Qd4 Nd7 22.b4 b6
23.f4 Re8 24.h3 h6 25.Kf2 Nf8 26.Nd5 Ne6 27.Qc3 Qd7 28.Ra7 Qd8 29.h4 Qb8
30.Ra2 b5 31.cxb5 Qxb5 32.Ne3 Qb6 33.Rd2 Rb8 34.Rd1 Bd7 35.Rb1 Bb5 36.Kg1 Qd4
37.Rc1 Qxc3 38.Rxc3 c5 39.bxc5 dxc5 40.f5 Nd4 41.Rxc5 Be8 42.e5 Kf8 43.g4 Rb3
44.Nf1 Bb5 45.f6 gxf6 46.exf6 Ke8 47.Re5+ Kf8 48.Ne3 Ne6 49.Nf5 h5 50.gxh5 Bd3
51.Nd6 Rb6 52.Ne4 Bxe4 53.Rxe4 Rb5 54.Ra4 Kg8 55.Ra8+ Nf8 56.h6 Rh5 57.Ra4 Rxh6
58.Rf4 Ng6 59.Rg4 Rxh4 60.Rxh4  1/2-1/2

[Event "TCh-FIN"]
[Site "Finland FIN"]
[Date "2008.10.04"]
[Round "3"]
[White "Kauko,J"]
[Black "Kanko,I"]
[Result "1-0"]
[WhiteElo "2274"]
[BlackElo "2241"]

1.c4 e5 2.g3 Nf6 3.Bg2 h6 4.Nf3 Nc6 5.O-O Be7 6.Nc3 O-O 7.d3 Re8 8.Rb1 Bf8
9.e4 a5 10.a3 Bc5 11.Be3 d6 12.h3 Nd4 13.Bxd4 Bxd4 14.Nxd4 exd4 15.Ne2 c5
16.b4 axb4 17.axb4 Ra3 18.bxc5 dxc5 19.Qd2 Qa5 20.Qxa5 Rxa5 21.Rb3 Ra2 22.Nf4 g5
23.Nd5 Nxd5 24.cxd5 Rd2 25.Rc1 b6 26.Rxb6 Rxd3 27.Rxc5 Rd1+ 28.Kh2 Bd7 29.Rc7 Ba4
30.Rb4 d3 31.Rxa4 d2 32.Bf3 Rc1 33.Rac4 d1=Q 34.Bxd1 Rxd1 35.Rc8 Kf8 36.Kg2 Rxc8
37.Rxc8+ Ke7 38.Rh8  1-0

[Event "1st WMSG Rapid Ind"]
[Site "Beijing CHN"]
[Date "2008.10.06"]
[Round "5"]
[White "Ghaem Maghami,E"]
[Black "Socko,B"]
[Result "1-0"]
[WhiteElo "2599"]
[BlackElo "2631"]

1.c4 e5 2.g3 Nf6 3.Bg2 d5 4.cxd5 Nxd5 5.Nc3 Nb6 6.Nf3 Nc6 7.O-O Be7 8.a3 O-O
9.b4 Be6 10.d3 f6 11.Bb2 Qd7 12.Ne4 Rad8 13.Qc2 Nd5 14.Rfd1 Bh3 15.Bxh3 Qxh3
16.b5 Nb8 17.Nc5 b6 18.Nb3 Qe6 19.Rac1 Rd6 20.Nbd2 c5 21.bxc6 Rxc6 22.Qb3 Rfc8
23.Nc4 Nd7 24.e4 Nc5 25.Qa2 Nc7 26.Qb1 Nb3 27.Rc3 Nd4 28.Nxd4 exd4 29.Rc2 Rd8
30.Rdc1 Na6 31.Nd2 Nc5 32.Nf3 Rcd6 33.Rc4 Nb3 34.Re1 Qg4 35.Qd1 Na5 36.Rxd4 Rxd4
37.Bxd4 Bxa3 38.Bc3 Kh8 39.d4 Nc4 40.Qe2 b5 41.d5 Bd6 42.Nd4 Qxe2 43.Rxe2 Rb8
44.Nc6 Rb7 45.Rc2 Kg8 46.f4 Kf8 47.Bd4 a5 48.e5 Ba3 49.d6 Ke8 50.Na7 fxe5
51.fxe5 Bb4 52.Nxb5 Nxe5 53.Nc7+ Kd7 54.Bxe5 Bxd6 55.Rd2 Kxc7 56.Rxd6 Kc8
57.Rc6+ Kd8 58.Ra6 Ke8 59.Rxa5 Kf7 60.Ra2 g6 61.Rc2 Ke6 62.Bf4 Kf5 63.Kg2  1-0

[Event "1st WMSG Blitz Pair"]
[Site "Beijing CHN"]
[Date "2008.10.08"]
[Round "3"]
[White "Ghaem Maghami,E"]
[Black "Berend,F"]
[Result "1-0"]
[WhiteElo "2599"]
[BlackElo "2345"]

1.c4 e5 2.g3 Nf6 3.Bg2 Bc5 4.Nc3 O-O 5.e3 Re8 6.Nge2 c6 7.d4 exd4 8.exd4 Bf8
9.d5 d6 10.dxc6 Nxc6 11.O-O Bf5 12.Nd4 Bg4 13.Nxc6 bxc6 14.Qa4 Bd7 15.Bg5 h6
16.Bxf6 Qxf6 17.Bxc6 Bxc6 18.Qxc6 Rec8 19.Qe4 Rab8 20.Rab1 Rb4 21.Nd5  1-0

[Event "1st WMSG Blitz Pair"]
[Site "Beijing CHN"]
[Date "2008.10.08"]
[Round "9"]
[White "Matamoros Franco,C"]
[Black "Adianto,U"]
[Result "1-0"]
[WhiteElo "2525"]
[BlackElo "2554"]

1.c4 e5 2.g3 Nf6 3.Bg2 c6 4.d4 e4 5.Nc3 Bb4 6.Qb3 Bxc3+ 7.Qxc3 h6 8.Bf4 d5
9.Be5 O-O 10.Nh3 dxc4 11.Bxf6 Qxf6 12.Qxc4 Bxh3 13.Bxh3 Na6 14.O-O Nc7 15.Bg2 Rfe8
16.e3 Nd5 17.b4 Rac8 18.Rfc1 Qe6 19.Rab1 a6 20.a4 h5 21.Qb3 h4 22.Rc5 b6
23.Rc2 a5 24.bxa5 bxa5 25.Rc5 Qd6 26.Rxa5 Rb8 27.Qc2 Rxb1+ 28.Qxb1 f5 29.Rc5 Rb8
30.Qc1 Ne7 31.a5 Kh7 32.a6 Rb6 33.Bf1 Qb8 34.Re5 Rb1 35.a7 Qxa7 36.Qxb1 hxg3
37.hxg3 Ng6 38.Rxf5 Qe7 39.Rc5 Qe6 40.Bg2 Qf6 41.Bxe4  1-0

[Event "1st WMSG Blitz Team w"]
[Site "Beijing CHN"]
[Date "2008.10.13"]
[Round "4"]
[White "Vasilevich,I"]
[Black "Ruan Lufei"]
[Result "0-1"]
[WhiteElo "2354"]
[BlackElo "2496"]

1.c4 e5 2.g3 Nf6 3.Bg2 d5 4.cxd5 Nxd5 5.Nc3 Nb6 6.Nf3 Nc6 7.O-O Be7 8.a3 O-O
9.b4 Be6 10.Rb1 f6 11.d3 Nd4 12.Be3 c6 13.Bxd4 exd4 14.Ne4 Bg4 15.Nc5 Rb8
16.h3 Bxf3 17.Bxf3 Bxc5 18.bxc5 Nd7 19.Qc2 Kh8 20.Rfc1 Qe7 21.Rb4 Ne5 22.Rxd4 Nxf3+
23.exf3 Rfd8 24.Re4 Qd7 25.Rce1 Qxh3 26.Re7 h6 27.Qc4 Qf5 28.Qf7 Rg8 29.Kg2 Qxd3
30.Rh1 Qf5 31.g4 Qg5 32.Rh5 Qf4 33.Rf5 Qd4 34.Rd7 Qc3 35.Qg6 Rbd8 36.Rxb7 Qd3
37.Rxf6 Qxg6 38.Rxg6 Rd3 39.Rxa7 Rc3 40.Rxc6 Rf8 41.Rcc7 Rcxf3 42.Rxg7 Rxf2+
43.Kg3 R8f3+ 44.Kh4 Rh2+  0-1